| 000 | 00794nam a2200205Ia 4500 | ||
|---|---|---|---|
| 003 | GCL | ||
| 008 | 140319s9999 xx 000 0 ara d | ||
| 020 | _a2116410977 | ||
| 040 |
_aGCL / _cGCL |
||
| 082 | 0 | 4 |
_a370.7 _bم ا |
| 100 | 1 | _aمحمد رضا البغدادى | |
| 245 | 1 | 0 |
_aالاهداف والاختبارات فى المناهج وطرق التدريس : _bبين النظرية والتطبيق / _cمحمد رضا البغدادى |
| 250 | _aالاولى | ||
| 260 |
_aالقاهرة : _bدار الفكر العربى ، _c1998 |
||
| 300 |
_a256 ص: _bايض ؛ _c24 سم |
||
| 650 | 0 | 4 | _aالاختبارات والقياسات التعليمية |
| 650 | 0 | 4 | _aالتعليم - اغراضه واهدافه |
| 650 | 0 | 4 | _aالتعليم - طرق تدريس |
| 942 |
_2ddc _cBK |
||
| 999 |
_c6579 _d6579 |
||